[Event "TCh-ISR"]
[Site "ISR"]
[Date "2002.01.26"]
[Round "3"]
[White "Kagan,Y"]
[Black "Kalcheim,G"]
[Result "1-0"]
[WhiteElo "2328"]
[BlackElo "2154"]

1.e4 e6 2.d4 d5 3.Nc3 Nf6 4.e5 Nfd7 5.Nce2 c5 6.f4 cxd4 7.Nxd4 Nc6 8.Ngf3 Bc5
9.c3 Qb6 10.Be2 O-O 11.O-O f6 12.Kh1 Re8 13.Bd3 f5 14.Nxe6 Rxe6 15.Bxf5 Nf8
16.Ng5 Ne7 17.Bc2 Rh6 18.f5 Bxf5 19.Bxf5 Nxf5 20.Rxf5 Qc6 21.Nf3 Rg6 22.Bg5 Ne6
23.Qd3 h6 24.Be3 Bxe3 25.Qxe3 d4 26.Qd3 dxc3 27.bxc3 Rd8 28.Qe3 Qc4 29.Nd2 Qg4
30.Rf2 Nf4 31.Qf3 Nd3 32.Re2 Nxe5 33.Qxg4 Nxg4 34.Ne4 Re6 35.Kg1 Rde8 36.Rae1 Ne5
37.Nc5 Nf3+ 38.Kf2 Rxe2+ 39.Rxe2 Rxe2+ 40.Kxe2 Nxh2 41.Nxb7 Kf7 42.Nd8+ Kf6
43.Nc6 a6 44.a4 Ke6 45.Nb4 a5 46.Nc6 Kd5 47.Nxa5 Ng4 48.Nb3 Kc4 49.a5 Ne5
50.a6 Nd7 51.a7 Nb6 52.Nd4 Kxc3 53.Nb5+ Kc4 54.Nc7 Kd4 55.Kf3 Ke5 56.a8=Q Nxa8
57.Nxa8 h5 58.Nb6 g5 59.Nc4+ Kf5 60.Ne3+ Ke5 61.Nf1 Kf5 62.Ng3+ Kg6 63.Ke4 h4
64.Nh1 Kf6 65.Nf2 Kg6 66.Ng4 Kh5 67.Kf5 h3 68.g3  1-0

[Event "Kaissa Open"]
[Site "Kharkov UKR"]
[Date "2002.01.30"]
[Round "9"]
[White "Doluhanova,E"]
[Black "Fingerov,D"]
[Result "0-1"]
[WhiteElo "2207"]
[BlackElo "2410"]

1.e4 e6 2.d4 d5 3.Nc3 Nf6 4.e5 Nfd7 5.f4 c5 6.Nf3 a6 7.Ne2 Nc6 8.c3 Qb6 9.g3 f6
10.Bh3 cxd4 11.cxd4 Bb4+ 12.Bd2 fxe5 13.fxe5 Rf8 14.Rf1 Rxf3 15.Rxf3 Nxd4
16.Nxd4 Qxd4 17.Bc3 Nxe5  0-1

[Event "39th BPCL ch-IND"]
[Site "Nagpur IND"]
[Date "2002.01.30"]
[Round "14"]
[White "Saravanan,V"]
[Black "Barua,D"]
[Result "1-0"]
[WhiteElo "2393"]
[BlackElo "2515"]

1.e4 e6 2.d4 d5 3.Nc3 Nf6 4.e5 Nfd7 5.f4 c5 6.Nf3 Nc6 7.Be3 Qb6 8.Na4 Qa5+
9.c3 cxd4 10.b4 Qc7 11.Nxd4 Nxd4 12.Bxd4 Nb8 13.b5 b6 14.Bd3 Nd7 15.O-O Nc5
16.Bc2 Bd7 17.Rb1 Rc8 18.f5 Nxa4 19.fxe6 Bxe6 20.Bxa4 Bc5 21.Rf2 O-O 22.Bc2 g6
23.Qd2 Bxd4 24.cxd4 Qc3 25.Qf4 Rc4 26.Rd1 Rfc8 27.h4 Qa3 28.Rdd2 Rc3 29.Kh2 Qe7
30.Bb3 Qb4 31.h5 Qxb5 32.hxg6 hxg6 33.Qg5 Qb4 34.Rf6 Kg7 35.Rxe6 fxe6 36.Qf6+ Kh7
37.Qf7+ Kh6 38.Qf4+ g5 39.Qf6+ Kh7 40.Qf7+ Kh6 41.Qf6+ Kh7 42.Qf7+ Kh8 43.Qh5+ Kg7
44.Qxg5+ Kh7 45.Rf2 Rf8 46.Bc2+ Rxc2 47.Rxc2 Rf7 48.Rc8 Qe7 49.Qh5+ Kg7 50.Rh8  1-0

[Event "P&V Masters"]
[Site "Cannes FRA"]
[Date "2002.02.07"]
[Round "5"]
[White "Acher,M"]
[Black "Forestier,F"]
[Result "1-0"]
[WhiteElo "2293"]
[BlackElo "2195"]

1.e4 e6 2.d4 d5 3.Nc3 Nf6 4.e5 Nfd7 5.Nce2 c5 6.c3 Nc6 7.f4 Qb6 8.Nf3 f6
9.a3 Be7 10.h4 O-O 11.Rh3 cxd4 12.cxd4 Qc7 13.Be3 Qb6 14.Bc1 Qc7 15.Be3 Qb6
16.Nc3 Na5 17.Na4 Qd8 18.b3 a6 19.Bd3 f5 20.h5 b5 21.Nb2 Bb7 22.Bd2 Rc8 23.Bb1 Nc6
24.Qe2 b4 25.a4 a5 26.Nd1 Qb6 27.Qf2 Ba6 28.Be3 Kf7 29.Nh2 Ke8 30.g4 Ndxe5
31.dxe5 d4 32.Bd2 Nxe5 33.gxf5 Qc6 34.Nf3 Ng4 35.Qg1 exf5 36.Nxd4 Qd5 37.Be3  1-0

[Event "ch-Serbia"]
[Site "Leskovac YUG"]
[Date "2002.02.15"]
[Round "1"]
[White "Dimitrijevic,A"]
[Black "Stojanovic,Da"]
[Result "1/2-1/2"]
[WhiteElo "2227"]
[BlackElo "2433"]

1.e4 e6 2.d4 d5 3.Nc3 Nf6 4.e5 Nfd7 5.f4 c5 6.Nf3 Nc6 7.Ne2 b5 8.c3 b4 9.f5 exf5
10.Nf4 bxc3 11.bxc3 cxd4 12.Bb5 Qa5 13.Bxc6 Qxc3+ 14.Bd2 Qxc6 15.Rc1 Bc5
16.e6 fxe6 17.Nxd4 Qb6 18.Qh5+ g6 19.Nxg6 Nf6 20.Qh4 Rg8 21.Qxf6 Rxg6 22.Qh8+ Bf8
23.Qxh7 Rxg2 24.Qh5+ Kd7 25.Qf7+ Be7 26.Bf4 Qb4+ 27.Kf1 Rf2+ 28.Kg1 Rxf4
29.Qxe6+ Ke8 30.Qg6+ Kd7 31.Qe6+  1/2-1/2

[Event "Mario Covas Jr"]
[Site "Sao Paulo BRA"]
[Date "2002.02.22"]
[Round "3"]
[White "Milos,G"]
[Black "Leitao,R"]
[Result "1/2-1/2"]
[WhiteElo "2580"]
[BlackElo "2571"]

1.e4 e6 2.d4 d5 3.Nc3 Nf6 4.e5 Nfd7 5.f4 c5 6.Nf3 Nc6 7.Be3 cxd4 8.Nxd4 Bc5
9.Qd2 O-O 10.g3 a6 11.Bh3 Nxd4 12.Bxd4 b5 13.O-O Qb6 14.Ne2 b4 15.a3 Rb8
16.axb4 Qxb4 17.Qe3 Bxd4 18.Nxd4 Qxb2 19.f5 exf5 20.Nxf5 Qb6 21.Ne7+ Kh8
22.Qxb6 Nxb6 23.Nxc8 Nxc8 24.e6 f6 25.Rxa6 Ne7 26.Ra7 Rfe8 27.Rd7 Kg8 28.Ra1 Kf8
29.Raa7 Rb6  1/2-1/2

[Event "Jersey Open"]
[Site "St Helier JCI"]
[Date "2002.02.28"]
[Round "5"]
[White "Bolt,G"]
[Black "Ruston,M"]
[Result "1/2-1/2"]
[WhiteElo "2097"]
[BlackElo "2056"]

1.e4 e6 2.d4 d5 3.Nc3 Nf6 4.e5 Nfd7 5.f4 c5 6.Nf3 Nc6 7.Be3 b6 8.Be2 Be7
9.O-O Bb7 10.Qe1 cxd4 11.Nxd4 Nxd4 12.Bxd4 Bc5 13.Rd1 f5 14.exf6 Bxd4+ 15.Rxd4 Qxf6
16.Qd2 O-O 17.f5 exf5 18.Nxd5 Qe5 19.b4 Rae8 20.Bc4 Kh8 21.Qf4 Qxf4 22.Nxf4 Ne5
23.Bd5 Bxd5 24.Rxd5 Ng4 25.Rd7 Ne3 26.Rc1 Re4 27.Nd3 f4 28.c3 a6 29.Nf2 Rc4
30.Rd4 Rfc8 31.Rxc4 Rxc4 32.Nd3 g5 33.Ne5 Rc7 34.c4 Kg7 35.c5 bxc5 36.bxc5 Kf6
37.Nd3 Ke6 38.h4 h6 39.hxg5 hxg5 40.g3 Kf5 41.gxf4 gxf4 42.c6 Ke4 43.Nc5+ Kf3
44.Ne6 Rc8 45.Rc5 Rb8 46.Ng5+ Ke2 47.c7 Rc8 48.Ne6 Kf3 49.Rg5 Ke4 50.Rg7 Nd5
51.Nc5+ Ke3 52.Nxa6 f3 53.Kf1 Rh8 54.Rg1 Nc3 55.Nb4 Ne4 56.Nd5+ Kd2 57.Ne7 Rh2
58.Rg8 Rh1+ 59.Rg1 Rh2  1/2-1/2

[Event "ch-RUS Boys U20"]
[Site "Vladimir RUS"]
[Date "2002.03.01"]
[Round "1"]
[White "Danin,A"]
[Black "Chebotarev,O"]
[Result "1/2-1/2"]
[WhiteElo "2314"]
[BlackElo "2425"]

1.e4 e6 2.d4 d5 3.Nc3 Nf6 4.e5 Nfd7 5.f4 c5 6.Nf3 a6 7.Be3 b5 8.dxc5 Bxc5
9.Bxc5 Nxc5 10.Qd4 Qe7 11.Bd3 Nc6 12.Qf2 Nb4 13.Rd1 Nbxd3+ 14.cxd3 b4 15.Ne2 a5
16.Ned4 Ba6 17.Qe3 Rc8 18.O-O g6 19.Nb3 O-O 20.Nxc5 Rxc5 21.Nd4 Rfc8 22.Rf3 Qc7
23.f5 Rc1 24.Rdf1 exf5 25.Nxf5 gxf5 26.Qg5+ Kf8 27.Qh6+ Ke7 28.Qf6+ Ke8 29.Qxa6 Qxe5
30.Qb5+ Kf8 31.h3 Kg7 32.Qxa5 Qd4+ 33.Kh2 Rxf1 34.Rxf1 f4 35.Qa6 Re8 36.Qd6 Re5
37.Rf3  1/2-1/2

[Event "Cupa Martisor Open"]
[Site "Bucharest ROM"]
[Date "2002.03.02"]
[Round "3"]
[White "Georgescu,C"]
[Black "Sandu,C"]
[Result "1-0"]
[WhiteElo "2088"]
[BlackElo "2001"]

1.e4 e6 2.d4 d5 3.Nc3 Nf6 4.e5 Nfd7 5.f4 c5 6.Nf3 Nc6 7.Be3 a6 8.Be2 cxd4
9.Nxd4 Bc5 10.Qd2 Qc7 11.O-O Nxd4 12.Bxd4 b5 13.Bf3 Bb7 14.Kh1 Rc8 15.Rae1 Qb6
16.Ne2 Bxd4 17.Nxd4 O-O 18.f5 Rc4 19.c3 Rxd4 20.Qxd4 exf5 21.Rd1 Qe6 22.Rfe1 Nb6
23.b3 Rc8 24.Rb1 Ba8 25.a4 bxa4 26.bxa4 Nd7 27.Qa7 g5 28.c4 Bc6 29.cxd5 Bxd5
30.Bxd5 Qxd5 31.Rbd1  1-0

[Event "Anibal Open"]
[Site "Linares ESP"]
[Date "2002.03.03"]
[Round "3"]
[White "Radulski,J"]
[Black "Caselas Cabanas,J"]
[Result "1/2-1/2"]
[WhiteElo "2499"]
[BlackElo "2361"]

1.e4 e6 2.d4 d5 3.Nc3 Nf6 4.e5 Nfd7 5.f4 c5 6.Nf3 Nc6 7.Be3 cxd4 8.Nxd4 Bc5
9.Qd2 O-O 10.O-O-O a6 11.h4 Nxd4 12.Bxd4 b5 13.Rh3 Bb7 14.g4 b4 15.Ne2 a5
16.g5 Qc7 17.h5 Ba6 18.g6 h6 19.Re3 Bxe2 20.Rxe2 a4 21.Kb1 Ra6 22.Bh3 fxg6
23.hxg6 b3 24.cxb3 Bxd4 25.Qxd4 axb3 26.a3 Rc8 27.Qe3 Nc5 28.Rc1 Kh8 29.f5 Rc6
30.Ree1 exf5 31.Bxf5 Rf8 32.e6 Re8 33.Qe5 d4 34.Qxd4 Nxe6 35.Rxc6 Qxc6 36.Qe4 Qxe4+
37.Rxe4 Rd8 38.Kc1 Nd4 39.Bd7 Nf3 40.Re8+ Rxe8 41.Bxe8 h5 42.Kd1 h4 43.Ke2 Nd4+
44.Kf2 Kg8 45.Kg2 Kf8 46.Bf7 Ne2 47.Kf3 Nc1 48.Bc4 Ke7 49.Kg4 Kf6 50.Kxh4 Kxg6
51.a4 Na2 52.a5 Nb4 53.Bb5 Nd5 54.a6 Nb6 55.Kg4 Nc8 56.Bc4 Kf6 57.Bxb3 Ke7
58.Kg5 Kd6 59.Kg6 Kc5 60.Kxg7 Kb4 61.Bc2 Nd6 62.Bd3 Ne8+ 63.Kf7 Nc7 64.Ke7 Nxa6  1/2-1/2

[Event "Anibal Open"]
[Site "Linares ESP"]
[Date "2002.03.04"]
[Round "4"]
[White "Fernandez Romero,Ern"]
[Black "Moreno Carnero,J"]
[Result "1/2-1/2"]
[WhiteElo "2347"]
[BlackElo "2503"]

1.e4 e6 2.d4 d5 3.Nc3 Nf6 4.e5 Nfd7 5.f4 c5 6.dxc5 Nc6 7.Nf3 a6 8.Bd3 Nxc5
9.O-O Be7 10.Kh1 O-O 11.Qe2 f6 12.Bd2 fxe5 13.Nxe5 Nxe5 14.fxe5 Nxd3 15.Rxf8+ Qxf8
16.Rf1 Qe8 17.cxd3 Bd7 18.Qg4 Qg6 19.Qh3 Rf8 20.Rxf8+ Bxf8 21.Ne2 Qf7 22.Kg1 Be7
23.Qg4  1/2-1/2

[Event "ch-POL w"]
[Site "Ostrow POL"]
[Date "2002.03.05"]
[Round "1"]
[White "Zawadzka,J"]
[Black "Balkiewicz,E"]
[Result "1-0"]
[WhiteElo "2172"]
[BlackElo "2085"]

1.e4 e6 2.d4 d5 3.Nc3 Nf6 4.e5 Nfd7 5.f4 c5 6.Nf3 Nc6 7.Be3 cxd4 8.Nxd4 Bc5
9.Qd2 Nxd4 10.Bxd4 Bxd4 11.Qxd4 Qb6 12.Nb5 Qxd4 13.Nxd4 Ke7 14.Bd3 Nc5 15.O-O-O h5
16.Rhf1 g6 17.Rf3 Bd7 18.Re1 Rac8 19.Kd2 Na4 20.b3 Nc5 21.Ree3 Bc6 22.Rh3 Rcg8
23.Reg3 Nd7 24.Rg5 Rd8 25.Rgg3 Rhg8 26.Rh4 Nc5 27.Ke3 Nd7 28.Rgh3 f6 29.exf6+ Nxf6
30.Rg3 Ng4+ 31.Kd2 e5 32.fxe5 Nxe5 33.Rf4 Rde8 34.Rg5 Nxd3 35.Kxd3 Ref8 36.Rxf8 Kxf8
37.Ne6+ Kf7 38.Nf4 Bd7 39.Rxd5 Bf5+ 40.Kd4 Be6 41.Rc5 Kf6 42.Rc7 Rd8+ 43.Kc3 Rb8
44.Nxe6 Kxe6 45.Kd4 Rd8+ 46.Ke3 Rb8 47.Ke4 a5 48.c4 Rf8 49.Ke3 Rb8 50.Rc5 b6
51.Rb5 Kd7 52.c5 Re8+ 53.Kf3 bxc5 54.Rxc5 Ra8 55.Rg5 Ra6 56.Ke4 Kc7 57.Kd4 Kb7
58.Kc4 a4 59.b4 Rc6+ 60.Kb5 Rc2 61.a3 Rc6 62.Kxa4 Re6 63.Kb3 Re3+ 64.Kb2 Re6
65.a4 Re4 66.Kb3 Re6 67.a5 Ka6 68.Ka4 Kb7 69.b5 Re4+ 70.Kb3 Re6 71.Kc4 Rf6
72.Kc5 Ka7 73.Re5 Rf2 74.Re7+  1-0

[Event "FSGM March"]
[Site "Budapest HUN"]
[Date "2002.03.07"]
[Round "6"]
[White "Kosanovic,G"]
[Black "Jakab,A"]
[Result "1/2-1/2"]
[WhiteElo "2428"]
[BlackElo "2406"]

1.d4 e6 2.e4 d5 3.Nc3 Nf6 4.e5 Nfd7 5.f4 c5 6.Nf3 a6 7.Be3 Qb6 8.a3 Nc6 9.Be2 Qa7
10.Na4 b5 11.Nxc5 Nxc5 12.dxc5 Bxc5 13.Bxc5 Qxc5 14.c3 O-O 15.Nd4 Bd7 16.Nxc6 Bxc6
17.Qd4 Qe7 18.O-O a5 19.b4 Qa7 20.Qxa7 Rxa7 21.a4 bxa4 22.b5 Bd7 23.Rxa4 Rfa8
24.Rfa1 Kf8 25.Kf2 Ke7 26.Ke3 Kd8 27.b6 Rb7 28.Rxa5 Rxa5 29.Rxa5 Rxb6 30.Ra8+ Ke7
31.Ra7 Rb2 32.Bf3 Rb8 33.Kd4 f6 34.Bd1 Rc8 35.Be2 Rb8 36.Bd1 Rc8  1/2-1/2

[Event "Anibal Open"]
[Site "Linares ESP"]
[Date "2002.03.08"]
[Round "8"]
[White "Candela Perez,J"]
[Black "Yu Shaoteng"]
[Result "1/2-1/2"]
[WhiteElo "2399"]
[BlackElo "2522"]

1.e4 e6 2.d4 d5 3.Nc3 Nf6 4.e5 Nfd7 5.f4 c5 6.Nf3 Nc6 7.Be3 cxd4 8.Nxd4 Bc5
9.Qd2 O-O 10.O-O-O a6 11.h4 Nxd4 12.Bxd4 b5 13.Rh3 b4 14.Na4 Bxd4 15.Qxd4 Qa5
16.b3 Bb7 17.Kb1 Rfc8 18.c3 bxc3 19.Nxc3 Rab8 20.f5 Qc7 21.fxe6 fxe6 22.Re3 Nc5
23.g3 Qe7 24.Bh3 Bc6 25.Ne2 Bd7 26.Nf4 a5 27.Rc1 a4 28.Rec3 axb3 29.Rxc5 bxa2+
30.Kxa2 Ra8+ 31.Kb2 Rab8+ 32.Ka2 Ra8+ 33.Kb2 Rab8+ 34.Ka2  1/2-1/2

[Event "ch-POL w"]
[Site "Ostrow POL"]
[Date "2002.03.08"]
[Round "4"]
[White "Zawadzka,J"]
[Black "Radziewicz,I"]
[Result "0-1"]
[WhiteElo "2172"]
[BlackElo "2395"]

1.e4 e6 2.d4 d5 3.Nc3 Nf6 4.e5 Nfd7 5.f4 c5 6.Nf3 Nc6 7.Be3 a6 8.Qd2 b5 9.dxc5 Bxc5
10.Bxc5 Nxc5 11.Qf2 Qb6 12.Bd3 b4 13.Ne2 a5 14.O-O Ba6 15.Kh1 Ne7 16.Rad1 Rc8
17.Ned4 Ne4 18.Qe2 Bc4 19.Bxc4 Rxc4 20.Qd3 O-O 21.a4 Rfc8 22.Qe3 Qc5 23.Rd3 g6
24.Qe1 Nf5 25.Nb3 Qa7 26.g4 Rxc2 27.gxf5 Nf2+ 28.Rxf2 Qxf2 29.Qxf2 Rxf2 30.Nfd4 exf5
31.Rd2 Rc1+ 32.Nxc1 Rxd2 33.Ncb3 Rxb2 34.Nxa5 Ra2 35.Nac6 Rxa4 36.Ne7+ Kg7
37.Nxd5 b3 38.Nxb3 Ra3 39.Nd4 Rd3 40.Nxf5+ gxf5 41.Ne7 Kf8 42.Nxf5 Rf3 43.Kg2 Rxf4
44.Nd6 Ke7 45.Kg3 Ra4 46.Nf5+ Ke6 47.Nh6 Re4 48.Ng4 h5 49.Nf2 Ra4 50.Kf3 Kxe5
51.Nd3+ Kf5 52.Nf2 Ra3+ 53.Kg2 Kf4 54.Nh3+ Rxh3 55.Kxh3 f5  0-1

[Event "sf ch-NED"]
[Site "Leeuwarden NED"]
[Date "2002.03.09"]
[Round "3.1"]
[White "Nijboer,F"]
[Black "Stellwagen,D"]
[Result "1/2-1/2"]
[WhiteElo "2565"]
[BlackElo "2384"]

1.e4 e6 2.d4 d5 3.Nc3 Nf6 4.e5 Nfd7 5.f4 c5 6.Nf3 Nc6 7.Be3 cxd4 8.Nxd4 Bc5
9.Qd2 O-O 10.O-O-O a6 11.Nb3 Bb4 12.Bd3 b5 13.g4 Nb6 14.Qf2 Nc4 15.Ne4 Be7
16.g5 dxe4 17.Bxc4 Qc7 18.Bb6 Qb8 19.Be2 Nb4 20.c3 Nd5 21.Bd4 Qc7 22.Rhg1 Bb7
23.Qh4 a5 24.Nd2 Nb4 25.Kb1 Bd5 26.Rg3  1/2-1/2

[Event "sf ch-NED"]
[Site "Leeuwarden NED"]
[Date "2002.03.10"]
[Round "3.3"]
[White "Nijboer,F"]
[Black "Stellwagen,D"]
[Result "1-0"]
[WhiteElo "2565"]
[BlackElo "2384"]

1.e4 e6 2.d4 d5 3.Nc3 Nf6 4.e5 Nfd7 5.f4 c5 6.Nf3 Nc6 7.Be3 cxd4 8.Nxd4 Bc5
9.Qd2 O-O 10.O-O-O a6 11.Nb3 Be7 12.h4 b5 13.Rh3 Bb7 14.Kb1 Qc7 15.h5 b4
16.Na4 Na5 17.Rg3 Rfd8 18.Nxa5 Qxa5 19.Bd4 Qxa4 20.f5 Kf8 21.h6 g6 22.fxg6 fxg6
23.Bd3 b3 24.Qf4+ Ke8 25.axb3 Qc6 26.Rxg6 Nf8 27.Rg7 Kd7 28.Rf1 Re8 29.Qg5 Kd8
30.Rxe7 Rxe7 31.Rxf8+ Kd7 32.Rxa8 Bxa8 33.Qg8 Qc8 34.Bxh7 Qe8 35.Qxe8+ Rxe8
36.Bd3 Bc6 37.g4 Rg8 38.h7 Rh8 39.g5 Ke7 40.g6 Kf8 41.Bc5+ Kg7 42.Be7  1-0

[Event "Anibal Open"]
[Site "Linares ESP"]
[Date "2002.03.10"]
[Round "10"]
[White "Wohl,A"]
[Black "Moreno Carnero,J"]
[Result "0-1"]
[WhiteElo "2395"]
[BlackElo "2503"]

1.e4 e6 2.d4 d5 3.Nc3 Nf6 4.e5 Nfd7 5.f4 c5 6.Nf3 Nc6 7.Be3 cxd4 8.Nxd4 Bc5
9.Qd2 a6 10.O-O-O O-O 11.h4 Nxd4 12.Bxd4 b5 13.h5 b4 14.Na4 Bxd4 15.Qxd4 a5
16.Kb1 Qc7 17.h6 g6 18.Bb5 Rb8 19.Bd3 Bb7 20.Rhe1 Bc6 21.Nc5 Nxc5 22.Qxc5 Rfc8
23.f5 Bb5 24.Qf2 Bxd3 25.cxd3 exf5 26.g4 Qd7 27.gxf5 Qxf5 28.Qxf5 gxf5 29.Rg1+ Kf8
30.Rg7 Ke7 31.Rf1 Rg8 32.Rxh7 Rh8 33.Rg7 Rxh6 34.Rxf5 Rf8 35.Kc2 Ke6 36.Rgg5 a4
37.Rf2 Rc8+ 38.Kd2 b3 39.axb3 axb3 40.Rg7 Rc2+ 41.Ke3 Rxf2 42.Kxf2 Kxe5 43.Rxf7 d4
44.Ke2 Rh2+ 45.Rf2 Rh1 46.Rf8 Rh2+ 47.Kf3 Rxb2 48.Rb8 Kd5 49.Rb5+ Kc6 50.Rb4 Kc5
51.Rb8 Rb1 52.Ke2 b2 53.Kd2 Rh1 54.Rxb2 Rh2+ 55.Kc1 Rxb2 56.Kxb2 Kb4  0-1

[Event "ch-POL w"]
[Site "Ostrow POL"]
[Date "2002.03.10"]
[Round "6"]
[White "Andrzejewska,E"]
[Black "Zielinska,Mar"]
[Result "0-1"]
[WhiteElo "2231"]
[BlackElo "2410"]

1.e4 e6 2.d4 d5 3.Nc3 Nf6 4.e5 Nfd7 5.Nce2 c5 6.c3 Nc6 7.Nf3 cxd4 8.cxd4 Qb6
9.g3 Bb4+ 10.Nc3 O-O 11.Bg2 f6 12.exf6 Nxf6 13.O-O Bd6 14.Qd3 Bd7 15.Be3 Qxb2
16.a3 Qb6 17.Rfb1 Qa6 18.Qxa6 bxa6 19.Bf1 Rab8 20.Bxa6 Rxb1+ 21.Rxb1 Ng4
22.Kg2 Nxe3+ 23.fxe3 Rb8 24.Bb5 Rb6 25.Na4 Rb7 26.Nc5 Bxc5 27.dxc5 Nb8 28.Nd4 e5
29.c6 Nxc6 30.Nxc6 Bxc6 31.Bd3 Rxb1 32.Bxb1 Kf7 33.Kf2 h6 34.Ke2 Ke6 35.Kd2 Kd6
36.Kc3 Kc5 37.Ba2 Bb5 38.Bb1 Bf1 39.Ba2 a5 40.Bb3 g5 41.Ba2 Be2 42.Bb3 Bf3
43.Ba2 Kd6 44.Bb1 Kc5 45.Ba2 h5 46.Bb3 h4 47.gxh4 gxh4 48.Ba2 Kd6 49.Bb1 Ke6
50.Bd3 Kf6 51.Kd2 Kg5 52.Bf1 Kg4 53.Ke1 Be4 54.Kf2 d4 55.exd4 exd4 56.Ke2 Kf4
57.Bh3 Ke5 58.Kd2 Kd6 59.Bf1 Kc5 60.Be2 Bf5 61.Bf1 Kd5 62.Bg2+ Kc4 63.Bc6 Kb3
64.a4 Kb4 65.Be8 Kc5 66.Bb5 Be4 67.Be2 Bc6 68.Bd1 Kb4 69.Kd3 Bxa4  0-1

[Event "Masters"]
[Site "Wroxham ENG"]
[Date "2002.03.12"]
[Round "6"]
[White "Bauer,Ch"]
[Black "Kelly,B"]
[Result "1/2-1/2"]
[WhiteElo "2578"]
[BlackElo "2445"]

1.e4 e6 2.d4 d5 3.Nc3 Nf6 4.e5 Nfd7 5.Nce2 c5 6.f4 Nc6 7.c3 b5 8.a3 a5 9.Nf3 Ba6
10.dxc5 Nxc5 11.Ned4 Qb6 12.Be3 Nxd4 13.Bxd4 b4 14.axb4 axb4 15.Bxa6 Rxa6
16.O-O bxc3 17.bxc3 Be7 18.Qb1 O-O 19.Qxb6 Rxb6 20.Ra7 Rb7 21.Rfa1 Rc8 22.Rxb7 Nxb7
23.Ra7 Rb8 24.Kf1 Kf8  1/2-1/2

[Event "TCh-FIN 2001-02"]
[Site "FIN"]
[Date "2002.03.16"]
[Round "8"]
[White "Nevanlinna,R"]
[Black "Tuominen,R"]
[Result "1-0"]
[WhiteElo "2355"]
[BlackElo "2204"]

1.e4 e6 2.d4 d5 3.Nc3 Nf6 4.e5 Nfd7 5.f4 c5 6.Nf3 Nc6 7.Be3 a6 8.a3 cxd4
9.Nxd4 Bc5 10.g3 Qb6 11.Na4 Qa5+ 12.c3 Bxd4 13.Bxd4 Nxd4 14.Qxd4 O-O 15.Bd3 Qc7
16.b4 b5 17.Nb2 Nb6 18.Bc2 Bb7 19.Nd3 Nd7 20.Rc1 Rac8 21.Bb3 a5 22.O-O a4
23.Ba2 g6 24.g4 Qd8 25.g5 Ba8 26.h4 Qc7 27.h5 Qb7 28.Rc2 Rc7 29.Rf3 Rfc8
30.hxg6 fxg6 31.Rh3 Qb6 32.Rch2 Qxd4+ 33.cxd4 Rc2 34.Nc5 Rxh2 35.Rxh2 Nxc5
36.Rc2 Rf8 37.Rxc5 Rxf4 38.Rxb5 Rxd4 39.Rb8+ Kf7 40.Rxa8 Rd2 41.Rxa4 Rxa2
42.Ra7+ Ke8 43.Kf1 Kd8 44.b5 Rb2 45.a4 Rb4 46.Ke2 Kc8 47.Kd3 Kb8 48.Rxh7 Rxa4
49.Re7 Rg4 50.Rxe6 Rxg5 51.Kd4 Rg1 52.Kxd5 Kb7 53.b6 Rd1+ 54.Ke4 Rg1 55.Rd6 g5
56.Rg6 g4 57.Kf4 g3 58.Rxg3 Rf1+ 59.Kg5 Kxb6 60.Rc3 Rg1+ 61.Kf6 Rf1+ 62.Ke7 Kb7
63.e6 Rh1 64.Ke8 Rg1 65.e7 Rf1 66.Rc4 Rf2 67.Kd7 Rd2+ 68.Ke6 Re2+ 69.Kf6 Kb8
70.Rf4 Kc7 71.Kf7 Kd6 72.e8=Q  1-0

[Event "Spring Festival"]
[Site "Budapest HUN"]
[Date "2002.03.17"]
[Round "3"]
[White "Rajlich,V"]
[Black "Wolter,M"]
[Result "1/2-1/2"]
[WhiteElo "2384"]
[BlackElo "2211"]

1.e4 e6 2.d4 d5 3.Nc3 Nf6 4.e5 Nfd7 5.f4 c5 6.Nf3 Nc6 7.Be3 cxd4 8.Nxd4 Bc5
9.Qd2 O-O 10.O-O-O a6 11.h4 Nxd4 12.Bxd4 b5 13.Rh3 b4 14.Na4 Bxd4 15.Qxd4 a5
16.Bb5 Rb8 17.Bd3 Bb7 18.h5 Bc6 19.h6 g6 20.Nc5 Nxc5 21.Qxc5 Qc7 22.Re3 Rfc8
23.g3 Bb5 24.Qxc7 Rxc7 25.Kb1 Kf8 26.a3 Ke7 27.axb4 axb4 28.Bxb5 Rxb5 29.Rd4 Kd7
30.g4 Rcc5 31.Kc1 Kc6 32.Kd2 Rc4 33.Rxc4+ dxc4 34.Re4 Rd5+ 35.Ke3 Kc5 36.b3 c3
37.Rc4+ Kb5 38.Rd4 Kc5 39.Rc4+ Kb5 40.Rc7 Rd2 41.Rxf7 Rxc2 42.Rxh7 Rh2 43.Rb7+ Ka5
44.h7 Rh3+ 45.Ke4 c2 46.Rc7 Rc3 47.Rxc3 bxc3 48.h8=Q c1=Q 49.Qa8+ Kb6 50.Qb8+ Ka6
51.Qd6+ Ka7  1/2-1/2

[Event "Supercom Cup"]
[Site "Bucharest ROM"]
[Date "2002.03.18"]
[Round "2"]
[White "Ardelean,G"]
[Black "Vasiesiu,D"]
[Result "1-0"]
[WhiteElo "2444"]
[BlackElo "2435"]

1.e4 e6 2.d4 d5 3.Nc3 Nf6 4.e5 Nfd7 5.Nce2 c5 6.c3 Nc6 7.f4 Qb6 8.Nf3 f6
9.a3 Be7 10.Ng3 cxd4 11.cxd4 O-O 12.Bd3 fxe5 13.fxe5 Nxd4 14.Nxd4 Nxe5 15.Rf1 Bd7
16.b4 Ba4 17.Bc2 Bxc2 18.Nxc2 Rxf1+ 19.Nxf1 Rf8 20.Be3 d4 21.Nxd4 Nc4 22.Qd3 Qa6
23.b5 Qa5+ 24.Ke2 Ne5 25.Qb3 Kh8 26.Nxe6 Re8 27.Rc1  1-0

[Event "13th Goodricke"]
[Site "Calcutta IND"]
[Date "2002.03.21"]
[Round "5"]
[White "Saravanan,V"]
[Black "Barua,D"]
[Result "1/2-1/2"]
[WhiteElo "2393"]
[BlackElo "2515"]

1.e4 e6 2.d4 d5 3.Nc3 Nf6 4.e5 Nfd7 5.f4 c5 6.Nf3 Nc6 7.Be3 a6 8.Qd2 Be7
9.O-O-O b5 10.dxc5 Nxc5 11.Nd4 Nxd4 12.Bxd4 Bd7 13.Kb1 b4 14.Ne2 Ne4 15.Qe3 Qc7
16.Ng3 Rc8 17.Bd3 Nc5 18.f5 g6 19.fxe6 Bxe6 20.Ne2 O-O 21.Rc1 a5 22.h4 Nxd3
23.cxd3 Qd7 24.h5 Rxc1+ 25.Rxc1 Rc8 26.Rxc8+ Qxc8 27.hxg6 fxg6 28.Nf4 Bg5
29.b3 Qa6 30.g3 h5 31.Qf3 Qc6 32.Bb2 Kh7 33.Ne2 Bh6 34.Nd4 Qa6 35.a4 Bg7
36.Ka2 Qc8 37.Qe3 Qe8 38.Nxe6 Qxe6 39.Qa7 g5 40.Qxa5 Bf8 41.Qa7+ Kg6 42.a5 h4
43.gxh4 gxh4 44.Qb6 Kf7 45.Qf2+ Ke8 46.Qxh4 Qa6 47.Qh5+ Kd8 48.Qg5+ Ke8 49.Qg8 Qxa5+
50.Kb1 Qc5 51.e6 Qe3 52.Ka2 Qa7+ 53.Kb1 Qe3  1/2-1/2

[Event "New White Plus GM open"]
[Site "Dhaka BAN"]
[Date "2002.03.30"]
[Round "1"]
[White "Wong Zi Jing"]
[Black "Barua,D"]
[Result "1/2-1/2"]
[WhiteElo "2256"]
[BlackElo "2515"]

1.e4 e6 2.d4 d5 3.Nc3 Nf6 4.e5 Nfd7 5.f4 c5 6.Nf3 Nc6 7.Be3 Qb6 8.Na4 Qa5+
9.c3 cxd4 10.b4 Qc7 11.Nxd4 Nxd4 12.Qxd4 Nb8 13.Qd2 b6 14.Rc1 Nc6 15.a3 Bd7
16.Nb2 Rd8 17.c4 d4 18.Bf2 Be7 19.Nd3 O-O 20.Be2 Bc8 21.O-O Bb7 22.Bg3 Qd7
23.Bg4 g6 24.Qf2 Rc8 25.Rfd1 Rfd8 26.Bf3 h5 27.Re1 Re8 28.f5 Bg5 29.Bf4 Bxf4
30.Nxf4 exf5 31.Nd5 Kg7 32.Nf6 Qc7 33.Nxe8+ Rxe8 34.e6 fxe6 35.b5 Na5 36.Bxb7 Nxb7
37.Qxd4+ e5 38.Qc3 Nc5 39.Rcd1 Kh7  1/2-1/2

[Event "IDJM"]
[Site "Augsburg GER"]
[Date "2002.04.06"]
[Round "6"]
[White "Van der Weide,K"]
[Black "Schenk,Andreas"]
[Result "1/2-1/2"]
[WhiteElo "2454"]
[BlackElo "2447"]

1.e4 e6 2.d4 d5 3.Nc3 Nf6 4.e5 Nfd7 5.f4 c5 6.Nf3 Nc6 7.Be3 cxd4 8.Nxd4 Bc5
9.Qd2 O-O 10.O-O-O Nxd4 11.Bxd4 a6 12.h4 b5 13.Rh3 b4 14.Na4 Bxd4 15.Qxd4 a5
16.Bb5 Rb8 17.Bd3 Nb6 18.Nc5 Nd7 19.Nxd7 Bxd7 20.f5 exf5 21.Rg3 Qb6 22.Qf4 Rfe8
23.h5 h6 24.Re1 b3 25.axb3 Qb4 26.Qf2 a4 27.Rf3 a3 28.bxa3 Qxa3+ 29.Kd1 Qa1+
30.Kd2 Qa5+ 31.Kd1 Qa1+  1/2-1/2

[Event "FSIMB April"]
[Site "Budapest HUN"]
[Date "2002.04.09"]
[Round "8"]
[White "Farago,S"]
[Black "Boguszlavszkij,J"]
[Result "1/2-1/2"]
[WhiteElo "2286"]
[BlackElo "2285"]

1.e4 e6 2.d4 d5 3.Nc3 Nf6 4.e5 Nfd7 5.Nce2 c5 6.c3 Nc6 7.Nf3 cxd4 8.cxd4 Qb6
9.a3 Be7 10.g3 O-O 11.Bg2 f6 12.exf6 Nxf6 13.O-O Bd7 14.Nc3 Rae8 15.Re1  1/2-1/2

[Event "Classics IMA"]
[Site "Gausdal NOR"]
[Date "2002.04.11"]
[Round "1"]
[White "Trygstad,K"]
[Black "Wikstrom,P"]
[Result "1-0"]
[WhiteElo "2313"]
[BlackElo "2255"]

1.e4 e6 2.d4 d5 3.Nc3 Nf6 4.e5 Nfd7 5.Nce2 c5 6.f4 cxd4 7.Nxd4 Nc6 8.Ngf3 Bc5
9.c3 a6 10.Be3 Qe7 11.Bd3 f6 12.Qe2 Ba7 13.O-O Nc5 14.Bc2 Bd7 15.Nxc6 bxc6
16.b4 Nb7 17.Bxa7 Rxa7 18.exf6 gxf6 19.Nd4 c5 20.bxc5 Nxc5 21.Rae1 Kd8 22.c4 Re8
23.cxd5 exd5 24.Qd2 Qd6 25.Rxe8+ Kxe8 26.Bxh7 Bc8 27.Bg6+ Kd8 28.Rd1 Rc7
29.Qe1 Bd7 30.Nf5 Qb6 31.Rb1 Bb5 32.Qe3 Na4 33.Qxb6 Nxb6 34.h4 Nd7 35.h5 Bd3
36.h6 Rc8 37.Rd1 Nc5 38.Nh4 Bc4 39.Bf5 Rb8 40.h7  1-0

[Event "Open"]
[Site "Dubai UAE"]
[Date "2002.04.15"]
[Round "1"]
[White "Salem,Gh"]
[Black "Volkov,S"]
[Result "0-1"]
[WhiteElo "2351"]
[BlackElo "2567"]

1.e4 e6 2.d4 d5 3.Nc3 Nf6 4.e5 Nfd7 5.f4 c5 6.Nf3 Nc6 7.Be3 Qb6 8.Na4 Qa5+
9.c3 c4 10.b4 Qc7 11.Be2 Ne7 12.O-O Nb8 13.Nh4 Ng6 14.Nxg6 hxg6 15.Bg4 Nc6
16.Rb1 b6 17.Rf3 Bd7 18.Rh3 Rxh3 19.Bxh3 Rb8 20.Bg4 a5 21.bxa5 Nxa5 22.Nb2 b5
23.Qc2 Nc6 24.Nd1 Qa5 25.Bd2 Ra8 26.Rb2 Ba3 27.Rb1 Be7 28.Rb2 Qa7 29.f5  0-1

[Event "Golden Cleopatra"]
[Site "Cairo EGY"]
[Date "2002.04.16"]
[Round "10"]
[White "Abdel Aziem,R"]
[Black "Peng Zhaoqin"]
[Result "1/2-1/2"]
[WhiteElo "2293"]
[BlackElo "2460"]

1.e4 e6 2.d4 d5 3.Nc3 Nf6 4.e5 Nfd7 5.f4 c5 6.Nf3 Nc6 7.Bd3 cxd4 8.Ne2 Qb6
9.O-O f6 10.exf6 Nxf6 11.Kh1 Bc5 12.a3 a5 13.b3 O-O 14.Bb2 g6 15.Qe1 Bd7
16.Qh4 Nh5 17.g4 Be7 18.Ng5 Bxg5 19.Qxg5 Ng7 20.Nxd4 Qd8 21.Qxd8 Raxd8 22.h3 Nxd4
23.Bxd4 a4 24.Bb6 Rc8 25.b4 Ne8 26.Kg2 Nc7 27.Kg3 Bb5 28.Rfe1 Bxd3 29.cxd3 Kf7
30.h4 Nb5 31.Bc5 Rg8 32.Re3 Rc6 33.Ree1 b6 34.Be3 Rc3 35.Bxb6 Rxd3+ 36.Re3 Rxe3+
37.Bxe3 Rc8 38.Bc5 h5 39.gxh5 gxh5 40.Kf3 Rg8 41.Rc1 Ra8 42.Ra1 Kf6 43.Ke3 Rg8
44.Kf3 Rg4 45.Bf2 Kf5 46.Bg3 Nd4+ 47.Kf2 Rg8 48.Rd1 Nb5 49.Re1 Nxa3 50.Ra1 Nb5
51.Rxa4 Nc3 52.Ra3 Ne4+ 53.Kg2 Rg7 54.b5 Rb7 55.Rb3 Nxg3 56.Kxg3 Ke4 57.b6 d4
58.Rb5 Kd3 59.Rb3+ Kc4 60.Rb1 Kd5 61.Rb2 e5 62.Rb5+ Kc4 63.Rxe5 Rxb6 64.Rxh5 Rb3+
65.Kg4 d3 66.Kf3 Rb2 67.Rh8 Rh2 68.Kg3 Rh1 69.Rd8 Kc3 70.Rc8+ Kb2 71.Rd8 Kc2
72.Rc8+ Kd1 73.f5 d2 74.Kg4 Ke2 75.Rd8 Rg1+ 76.Kf4 Rf1+ 77.Ke5 Rh1 78.f6 Rxh4
79.f7 Rh5+ 80.Kf6 Rh1  1/2-1/2